000 00413cam a22001337a 4500
008 180718b1973 xxu||||| |||| 00| 0 eng d
082 _aT2531x54 M277
100 _aMaheshwari, P.C.
245 _aLabour costs and productivity: correlated to plant structure
_cby P.C. Maheshwari
260 _aAgra
_bSri Ram Mehra
_c1973
300 _a46p.
650 _aLabour costs - India
650 _aLabour productivity - India
999 _c348600
_d348600